| 000 | 00822nam a22002417a 4500 | ||
|---|---|---|---|
| 005 | 20150822150953.0 | ||
| 008 | 150305b xxu||||| |||| 00| 0 eng d | ||
| 010 | _aB-598014 | ||
| 020 | _c490.00 | ||
| 035 | _aB-598014 | ||
| 037 | _bUBH | ||
| 040 |
_adpl _ben |
||
| 082 | _a342.54 | ||
| 100 | _aPandey, J. N. | ||
| 245 |
_aConstitutional Law of India/ _cby J. N. Pandey; revised by S. S. Srivastava |
||
| 250 | _a51st ed | ||
| 260 |
_aAllahabad _bCentral Law Agency _c2014 |
||
| 270 |
_a30-D/1, Moti Lal Nehru Road _bAllahabad-2 |
||
| 300 |
_aIv; 851p _c24cm(pbk) |
||
| 700 | _dSrivastava, S. S. | ||
| 942 |
_2ddc _cEN _h342.54 _mPAN |
||
| 999 |
_c92107 _d92107 |
||